Ископаемые угли окрестностей г.Томска; Научно-техническая конференция в связи с сорокалетним юбилеем учебно-научной деятельности института

Podrobná bibliografie
Parent link:Научно-техническая конференция в связи с сорокалетним юбилеем учебно-научной деятельности института.— 1940.— С. 1-2
Hlavní autor: Аксарин А. В. Александр Васильевич
Jazyk:ruština
Vydáno: 1940
Témata:
Médium: MixedMaterials Kapitola
KOHA link:https://koha.lib.tpu.ru/cgi-bin/koha/opac-detail.pl?biblionumber=177197

MARC

LEADER 00000naa2a2200000 4500
001 177197
005 20231031165606.0
035 |a (RuTPU)RU\TPU\book\192104 
035 |a RU\TPU\tpu\1938 
090 |a 177197 
100 |a 20100312d1940 k y0rusy50 ca 
101 0 |a rus 
102 |a RU 
200 1 |a Ископаемые угли окрестностей г.Томска  |f А. В. Аксарин 
463 0 |0 (RuTPU)RU\TPU\book\191963  |t Научно-техническая конференция в связи с сорокалетним юбилеем учебно-научной деятельности института  |o тезисы докладов  |f Томский индустриальный институт (ТИИ) ; под ред. К. Н. Шмаргунова  |v С. 1-2  |d 1940  |p 184 с. 
610 1 |a геолого-географические науки 
610 1 |a труды учёных ТПУ 
700 1 |a Аксарин  |b А. В.  |c российский ученый-геолог  |c профессор кафедры горючих ископаемых ТПИ  |f 1901-1978  |g Александр Васильевич  |2 stltpush  |3 (RuTPU)RU\TPU\pers\19758 
801 0 |a RU  |b 63413507  |c 20011210  |g PSBO 
801 2 |a RU  |b 63413507  |c 20100312  |g PSBO 
942 |c BK